MARC

LEADER 00000nab a2200000 4500
001 vtls011977783
003 SK-MaSNL
005 20260303095550.0
008 200630c2020 xo zr|p || ||00 c0ukr
015 |a SNBRB2020/06 
038 |a SVKPOCL 
040 |a SVKPOCL  |b slo  |c SVKPOCL  |e rda 
041 0 |a ukr 
044 |a xo  |c SK 
072 7 |a 821.161  |x Východoslovanské literatúry  |2 konspekt 
080 |a 821.161.2-1  |2 2011 
080 |a 821.161.2-1-053.2  |2 2011 
080 |a 821.161.2-93  |2 2011 
080 |a 821.161.2-193  |2 2011 
080 |a (477)  |2 2011 
100 1 |a M'jastkivs'kyj, Andrij Pylypovyč,  |d 1924-2003  |4 aut  |9 1109092 
245 1 0 |a Sama v chati  |c Andrij M'jastkivs'kyj 
336 |a text  |b txt  |2 rdacontent 
337 |a bez média  |b n  |2 rdamedia 
338 |a zväzok  |b nc  |2 rdacarrier 
500 |a M'jastkivs'kyj, Andrij pozri M'jastkivs'kyj, Andrij Pylypovyč 
500 |a Doplňujúce údaje sú prevzaté z Wikipediji 
650 0 7 |a poézia pre deti  |2 SNKPH  |9 31212 
650 0 7 |a ukrajinská poézia  |2 SNKPH  |9 59029 
650 0 7 |a ukrajinská literatúra  |2 SNKPH  |9 1218 
650 0 7 |a básnické miniatúry  |2 svkpocl  |9 1086978 
650 0 7 |a ukrajinské básne  |2 svkpocl  |9 857154 
655 7 |a poézia pre deti  |2 SNKPH  |9 86748 
773 0 |t Veselka  |g Roč. 68, č. 10 (2019/2020), s. 2 
852 |a SVKPO  |b KIS3GCP 
856 4 2 |u https://uk.wikipedia.org/wiki/%D0%9C%27%D1%8F%D1%81%D1%82%D0%BA%D1%96%D0%B2%D1%81%D1%8C%D0%BA%D0%B8%D0%B9_%D0%90%D0%BD%D0%B4%D1%80%D1%96%D0%B9_%D0%9F%D0%B8%D0%BB%D0%B8%D0%BF%D0%BE%D0%B2%D0%B8%D1%87 
958 |a SS 
958 |a UA 
958 |a LX 
958 |a NM 
958 |a DB 
999 |c 1825613  |d 1827543